00534ned a22001574a 450000500170000000800410001704000250005804100080008304400070009110000360009824501070013425500140024126000430025530000270029865000510032520180814141312.0180814s1999 ck ||||| |a|| d | 0 spa d aCO-BoIAVHcCO-BoIAVH0 aspa ack1 aMendoza Sabogal, Javier Eduardo00aMapa de coberturas 1940 Cayetano - El Silencioh[Material Cartografico] / cJavier Eduardo Mendoza S. a1 : 25000 aBogotá? (Colombia) : b[s.e.]c1999. a1 mapa ; c39 x 29 cm.24aCoberturazSabana de Bogotá (Colombia)vMapa